Learning Resource and Development

Pharmacology for nursing care/ (Record no. 2983)

MARC details
000 -LEADER
fixed length control field 00748nam a22002417a 4500
005 - DATE AND TIME OF LATEST TRANSACTION
control field 20230512221631.0
008 - FIXED-LENGTH DATA ELEMENTS--GENERAL INFORMATION
fixed length control field 180320t xxu||||| |||| 00| 0 eng d
020 ## - INTERNATIONAL STANDARD BOOK NUMBER
International Standard Book Number 9781416062493
040 ## - CATALOGING SOURCE
Transcribing agency CSPC
082 0# - DEWEY DECIMAL CLASSIFICATION NUMBER
Classification number 615.1
Item number L528p
100 ## - MAIN ENTRY--PERSONAL NAME
Personal name Lehne, Richard A.,
Relator term author.
245 00 - TITLE STATEMENT
Title Pharmacology for nursing care/
Statement of responsibility, etc. Richard A. Lehne
250 ## - EDITION STATEMENT
Edition statement Seventh (7th)
Remainder of edition statement edition.
260 ## - PUBLICATION, DISTRIBUTION, ETC.
Place of publication, distribution, etc. Edinburgh :
Name of publisher, distributor, etc. Saunders Elsevier ;
Date of publication, distribution, etc. 2010.
300 ## - PHYSICAL DESCRIPTION
Extent xiv, 1362 pages :
Other physical details figures, tables ;
Dimensions 26 cm.
500 ## - GENERAL NOTE
General note Includes Index.
650 10 - SUBJECT ADDED ENTRY--TOPICAL TERM
Topical term or geographic name entry element Nursing.
650 10 - SUBJECT ADDED ENTRY--TOPICAL TERM
Topical term or geographic name entry element Pharmacology.
940 ## - EQUIVALENCE OR CROSS-REFERENCE--UNIFORM TITLE [OBSOLETE] [CAN/MARC only]
Uniform title <a href="yves">yves</a>
942 ## - ADDED ENTRY ELEMENTS (KOHA)
Koha item type
-- NUR 615.1 L528p 2010
Holdings
Withdrawn status Lost status Damaged status Not for loan Home library Current library Shelving location Date acquired Total Checkouts Full call number Barcode Date last seen Copy number Price effective from Koha item type Date last checked out
        Main Library Main Library Nursing Section 05/12/2023   NUR 615.1 L528p 2010 011530 05/12/2023 1-5 05/12/2023 Books  
        Main Library Main Library Nursing Section 05/12/2023   NUR 615.1 L528p 2010 011532 05/12/2023 2-5 05/12/2023 Books  
        Main Library Main Library Nursing Section 05/12/2023   NUR 615.1 L528p 2010 011531 05/12/2023 3-5 05/12/2023 Books  
        Main Library Main Library Nursing Section 05/12/2023 1 NUR 615.1 L528p 2010 011533 09/29/2023 4-5 05/12/2023 Books 08/19/2023
        Main Library Main Library Nursing Section 05/12/2023   NUR 615.1 L528p 2010 013847 05/12/2023 5-5 05/12/2023 Books